000 00553nam a2200193Ia 4500
005 20250606103931.0
008 008 250516s9999 xx 000 0 eng d
020 _a9789811290466
040 _beng
_cSDCL
041 _aeng
_2eng
084 _aX:72 R4
100 _aMayergoyz, Isaak D.
_9809389
245 0 _aTheory Of macroeconomic hysteresis
260 _aChennai :
_bWorld Scientific Publishing,
_c2024.
300 _ax, 200p.
650 _aBusiness Economics and Finance
_9811996
700 _aKorman, Can E
_9809390
942 _cTEXL
_2CC
999 _c1429118
_d1429118